| 000 | 00929cam a22002655a 4500 | ||
|---|---|---|---|
| 008 | 161030b xxu||||| |||| 00| 0 eng d | ||
| 020 | _a9781259586187 | ||
| 040 |
_bENG _dEG-ScBUE |
||
| 082 | 0 | 4 |
_a332.6324 _222 _bGAL |
| 100 | 1 |
_aGallinelli, Frank, _eauthor. |
|
| 245 | 1 | 0 |
_aWhat every real estate investor needs to know about cash flow... and 36 other key financial measures / _cFrank Gallinelli. |
| 250 | _aUpdated edition. | ||
| 260 |
_aNew York : _bMcGraw Hill Education ; _cc. 2016. |
||
| 263 | _a1511 | ||
| 300 |
_axi, 336 p. : _bill. ; _c24 cm. |
||
| 500 | _aIncludes bibliographical references. | ||
| 590 | _ashima | ||
| 650 | 7 |
_aReal estate investment. _2BUEsh _932157 |
|
| 650 | 7 |
_aCash flow. _2BUEsh |
|
| 651 | _2BUEsh | ||
| 653 |
_bBUSADM _cOctober2016 |
||
| 906 |
_a7 _bcbc _corignew _d1 _eecip _f20 _gy-gencatlg |
||
| 942 | _2ddc | ||
| 999 |
_c22895 _d22867 |
||